Spravodlivosť v kontexte hospodárskej a sociálnej politiky

Bibliographic Details
Main Author: Juríčková, Vilma, 1935- (Author)
Format: Article
Language:Slovak
PhysicalDescription:Sch.
ISSN:0013-3035
Subjects:

MARC

LEADER 00000nab a2200000 a 4500
001 vtls001493783
003 SK-MaSNL
005 20260304140124.0
008 250505c2004 xo mr|p|||||||000 b|slo
015 |a SNKBUCL2005/02 
035 |a (sysno)vtls001493783 
035 |a urn:nbn:sk:snk-ab6sa2 
035 |a (uuid)d094809e-f671-4930-9bc6-2484f0c83bb5 
035 |a (urnnbn)urn:nbn:sk:snk:ar-a05hv4 
038 |a SNKBUCL 
040 |a SNKBUCL  |b slo  |c SNKBUCL  |e AACR2 
041 0 |a slo  |b eng 
044 |a xo  |c SK 
080 |a 177.9:33:364  |2 1997 
080 |a 33  |2 1997 
080 |a 364  |2 1997 
080 |a 340.114  |2 1997 
080 |a 241.521  |2 1997 
100 1 |a Juríčková, Vilma,  |d 1935-  |4 aut  |9 116858 
245 1 0 |a Spravodlivosť v kontexte hospodárskej a sociálnej politiky  |c Vilma Juríčková 
300 |b Sch. 
504 |a Bibliogr. odkazy 
546 |a Res. angl. 
650 0 7 |a hospodárska politika  |2 snkbucl  |9 2279 
650 0 7 |a sociálna politika  |2 snkbucl  |9 2333 
650 0 7 |a spravodlivosť  |2 snkbucl  |9 2634 
773 0 |t Ekonomický časopis = Journal of Economics  |g Roč. 52, č. 9 (2004), s. 1136-1147  |x 0013-3035 
850 |a Slovenská národná knižnica 
852 |a Slovenská národná knižnica 
954 |a odborná, vedecká literatúra pôvodná (slovenská)  |2 lita 
958 |a article27 
958 |a NB 
958 |a OND 
958 |a EUIPO 
999 |c 2913751  |d 2915681